000 00517cam a2200145 4500500
005 20251012012722.0
041 _afre
042 _adc
100 1 0 _aBrenders, Pauline
_eauthor
245 0 0 _aMode d’emploi : les régimes d’oppression
260 _c2016.
500 _a39
786 0 _nPhilosophie magazine - Hors séries | Hors-série Pritemps 2016 | HS28 | 2016-04-01 | p. 2-2 | 2104-9246
856 4 1 _uhttps://shs.cairn.info/magazine-philosophie-magazine-2016-hs28-page-2?lang=fr&redirect-ssocas=7080
999 _c1527776
_d1527776